000 01271cam a2200229 4500
001 WB3926-19
008 030710n2003 000 0 eng u
035 _a(Sirsi) u122969
245 _aKeeping the traffic flowing
260 _c2003
490 _aDfT News Release
_v(2003/0085) 9 July 2003 (7)
520 _aThe government has announced a £7bn improvements package to alleviate traffic conditions on some of Britain's most congested roads. The package includes motorway and trunk road widening and increased traffic management measures. A feasibility study into the practicalities of a road user charging scheme will also be undertaken. A discussion paper "Managing our roads" has been published at the same time, which sets out the challenges to be faced over the next 20 to 30 years in balancing the needs of the road transport system and its environmental impact. The discussion paper is available at http://www.dft.gov.uk/itwp/roads/pdf/roads.pdf. http://www.dft.gov.uk/pns/DisplayPN.cgi?pn_id=2003_0085
590 _aWB
650 _aCONGESTION
650 _aTRUNK ROADS
650 _aMOTORWAYS
650 _aROAD CHARGING SCHEMES
650 _aROAD NETWORK
650 _aTRAFFIC MANAGEMENT
690 _aTRANSPORT AND COMMUNICATIONS
942 _n0
999 _c73020
_d73020